000
00237nam a2200097Ia 4500
001
643098
005
20250826153539.0
008
250824s9999 xx 000 0 und d
245
0
_a
TAHİR İLE ZÜHRE
_c
SENNUR SEZER
260
_b
DOĞAN EGMONT
999
_c
643098
_d
643098